يوليوس قيصر للشاعر شكسبير (هدية من الاديب عبدالفتاح الجمل) / (Record no. 39449)
[ view plain ]
| 000 -الفاتح | |
|---|---|
| حقل البيانات ثابتة الطول | 00629nam a2200193Ia 4500 |
| 008 - عناصر البيانات ثابتة الطول - معلومات عامة | |
| حقل البيانات ثابتة الطول | 140319s9999 xx 000 0 ara d |
| 040 ## - مصدر الفهرسة | |
| وكالة الفهرسة الأصلية | GCL / |
| وكالة النسخ | GCL |
| 082 04 - رقم تصنيف ديوى العشرى | |
| رقم التصنيف | 821.092 |
| رقم المادة | ش ى |
| 100 1# - المدخل الرئيسى - إسم شخصى | |
| الإسم الشخصى | شكسبير، ويليام |
| 245 10 - بيان العنوان | |
| العنوان | يوليوس قيصر للشاعر شكسبير (هدية من الاديب عبدالفتاح الجمل) / |
| بيان المسئوليه,etc | شكسبير، ويليام |
| 700 1# - المدخل الاضافى - اسم شخصى | |
| الإسم الشخصى | محمد حمدى (تعريب) |
| 300 ## - الوصف المادى | |
| التعداد | 154 ص |
| 490 ## - بيان السلسلة | |
| عنوان السلسلة | |
| 650 04 - المدخل الاضافى بالموضوع-مصطلح موضوعى | |
| مصطلح موضوعي | الادب الانجليزى |
| 650 04 - المدخل الاضافى بالموضوع-مصطلح موضوعى | |
| مصطلح موضوعي | الشعر الانجليزى |
| 650 04 - المدخل الاضافى بالموضوع-مصطلح موضوعى | |
| مصطلح موضوعي | شكسبير، ويليام |
| 942 ## - عناصر المدخل الإضافي( كوها) | |
| مصدر التصنيف او مخطط الترفيف | Dewey Decimal Classification |
| Koha [default] item type | كتاب |
| حالة التراجع | حالة الفقد | حالة تلف | ليس للاعارة | المكان المؤقت | الموقع الحالى | تاريخ الاكتساب | اجمالي اﻻعارات | رقم الطلب | الباركود | تاريخ اخر مشاهدة | تاريخ تفعيل السعر | نوع وعاء كوها |
|---|---|---|---|---|---|---|---|---|---|---|---|---|
| مكتبة القاهرة الكبرى | مكتبة القاهرة الكبرى | 03/26/2014 | 821.092\ش ى | 96475 | 03/26/2014 | 03/26/2014 | كتاب |

